[Event "Défi"]
[Site "www.echecsemail.com"]
[Date "2026.01.15"]
[Round "1"]
[White "Chevalice"]
[Black "Intrigue"]
[WhiteElo "1690"]
[BlackElo "1750"]
[Result "1-0"]
1.e4 c5
2.d4 cxd4
3.Qd1xd4 Nb8c6
4.Qd4d1 Ng8f6
5.Nb1c3 e5
6.Bf1c4 Bf8e7
7.Ng1f3 O-O
8.O-O h6
9.Rf1e1 Be7c5
10.a3 a6
11.b4 Bc5e7
12.Bc1e3 b5
13.Bc4b3 d6
14.Nc3d5 Nf6xd5
15.exd5 Nc6b8
16.c4 bxc4
17.Bb3xc4 Bc8g4
18.Bc4e2 Nb8d7
19.h3 Bg4xf3
20.Be2xf3 Ra8c8
21.Bf3e4 Nd7f6
22.Be4f5 Rc8c4
23.Bf5d3 Rc4c8
24.Bd3xa6 Rc8a8
25.Ba6b7 Ra8b8
26.Bb7c6 Nf6d7
27.Qd1g4 Nd7f6
28.Qg4g3 Kh8
29.Qg3h4 Nf6xd5
30.Qh4c4 Nd5f6
31.Ra1d1 Qd8c8
32.b5 Rf8d8
33.Qc4xf7 Be7f8
34.a4 Qc8f5
35.g4 Qf5c2
36.a5 Qc2h7
37.b6 Nf6e4
38.b7 g5
39.Qf7f3 Ne4c3
40.Qf3f6 Bf8g7
41.Qf6e7 Nc3xd1
42.Re1xd1 Bg7f8
43.Qe7f6 Bf8g7
44.Qf6e6 Qh7c2
45.Rd1xd6 Rd8xd6
46.Qe6xd6 Qc2b1
47.Kg2 Qb1c2
48.Qd6xb8 { abandon }1-0

[Event "Défi( 10J+24H/c 10J Max )"]
[Site "www.echecsemail.com"]
[Date "2026.01.15"]
[Round "1"]
[White "Artabam"]
[Black "Minon"]
[WhiteElo "1000"]
[BlackElo "1940"]
[Result "0-1"]
1.e4 e5
2.Ng1f3 Nb8c6
3.Nb1c3 d6
4.Bf1c4 Bc8g4
5.O-O Nc6d4
6.h3 Bg4xf3
7.Qd1e1 Bf3xg2
8.Kxg2 Nd4xc2
9.Qe1e2 Nc2xa1
10.d3 Bf8e7
11.Bc1d2 Na1c2
12.Rf1c1 Nc2d4
13.Qe2e3 Ng8f6
14.Nc3d5 Nf6xd5
15.exd5 b5
16.Bc4xb5 Nd4xb5
17.a4 h6
18.axb5 Be7g5
19.Qe3e2 Bg5xd2
20.Qe2xd2 Qd8g5
21.Kf3 Qg5xd2
22.Rc1xc7 Qd2xb2
23.Rc7c6 Qb2xb5
24.Rc6xd6 Qb5xd3
25.Kg2 O-O
26.f3 Rf8d8
27.Rd6c6 Qd3xd5
28.Rc6c2 Qd5d2
29.Rc2xd2 Rd8xd2
30.Kg3 Ra8d8
31.Kg4 Rd2g2
32.Kh4 Kh7
33.Kh5 Rg2g3
34.Kh4 Rg3xf3
35.Kg4 Rf3xh3
36.Kxh3 a5
37.Kg4 a4
38.Kf3 a3
39.Ke4 a2
40.Kxe5 a1Q
41.Kf5 Rd8d5
42.Kg4 Qa1a4
43.Kf3 Rd5d3
44.Ke2 Qa4c2
45.Kf1 Rd3d1
0-1

[Event "Schachspiel2"]
[Site "www.echecsemail.com"]
[Date "2026.01.15"]
[Round "1"]
[White "Titit1"]
[Black "4x4"]
[WhiteElo "1370"]
[BlackElo "1560"]
[Result "0-1"]
1.e4 e5
2.Ng1f3 d6
3.d4 Bc8g4
4.Bf1c4 Nb8c6
5.h3 Bg4xf3
6.Qd1xf3 Ng8f6
7.d5 Nc6d4
8.Qf3d1 a6
9.a3 b5
10.Bc4a2 c5
11.O-O Nf6xe4
12.c3 Nd4f5
13.Qd1g4 g6
14.Qg4xe4 Bf8g7
15.Nb1d2 Qd8d7
16.Nd2f3 O-O-O
17.Nf3g5 h6
18.Ng5f3 f6
19.b3 Nf5e7
20.Nf3h4 g5
21.Nh4f3 f5
22.Qe4e1 e4
23.Nf3d2 Ne7xd5
24.Nd2b1 Nd5b6
25.Nb1d2 Bg7xc3
26.Ra1b1 b4
27.Qe1d1 d5
28.Rf1e1 d4
29.Re1f1 Rd8e8
30.Qd1h5 Re8g8
31.Qh5d1 g4
32.h4 h5
33.a4 a5
34.Bc1b2 Qd7d8
35.Bb2xc3 dxc3
36.Qd1c2 Qd8xd2
37.Qc2xd2 cxd2
38.Rf1d1 Rg8d8
39.Rb1b2 f4
40.Rd1xd2 Rd8d3
41.Ba2b1 Rd3xd2
42.Rb2xd2 Rh8d8
43.Rd2xd8 Kxd8
44.Bb1xe4 Ke7
45.Be4g6 Nb6d5
46.Bg6xh5 Nd5f6
47.Bh5xg4 Nf6xg4
48.f3 Ng4e3
49.Kf2 Kf6
50.g3 Kf5
51.g4 Ne3xg4
52.fxg4 Kxg4
53.Ke2 Kxh4
54.Kf3 Kg5
55.Ke4 Kg4
56.Ke5 f3
57.Ke4 Kg3
58.Ke3 f2
59.Ke2 Kg2
60.Ke3 f1R
61.Kd3 Rf1f4
62.Ke3 Rf4f3
63.Ke4 Rf3c3
64.Kd5 Kf3
65.Kc6 Rc3xb3
66.Kxc5 Rb3a3
67.Kb5 b3
68.Kxa5 Ke4
69.Kb4 Ra3xa4
70.Kxa4 b2
71.Ka3 b1R
72.Ka2 Rb1b8
73.Ka3 Kd5
74.Ka4 Kc5
75.Ka3 Kc4
76.Ka2 Kc3
77.Ka3 Rb8a8
0-1

[Event "Défi"]
[Site "www.echecsemail.com"]
[Date "2026.01.15"]
[Round "1"]
[White "Alain34"]
[Black "Arno"]
[WhiteElo "2100"]
[BlackElo "1770"]
[Result "1-0"]
1.e4 Nb8c6
2.f4 e5
3.d3 d6
4.Nb1c3 f6
5.Ng1f3 Bc8g4
6.Bf1e2 Ng8e7
7.O-O Qd8d7
8.f5 Bg4xf3
9.Be2xf3 O-O-O
10.Bc1e3 Nc6d4
11.Bf3g4 Ne7c6
12.Nc3d5 Nc6e7
13.c3 Ne7xd5
14.exd5 h5
15.Bg4h3 Qd7b5
16.cxd4 Qb5xd5
17.Qd1b3 Qd5xb3
18.axb3 Rh8g8
19.Ra1xa7 c6
20.d5 { abandon }1-0

[Event "Eq:Les Gens du Sud-La Diagonale du Fou :"]
[Site "www.echecsemail.com"]
[Date "2026.01.15"]
[Round "1"]
[White "Goedendag"]
[Black "Tahar"]
[WhiteElo "1780"]
[BlackElo "2020"]
[Result "1/2-1/2"]
1.c4 e5
2.Nb1c3 g6
3.g3 Bf8g7
4.Bf1g2 Ng8e7
5.d3 d6
6.Ng1f3 Nb8c6
7.O-O O-O
8.Ra1b1 Bc8d7
9.b4 Rf8e8
10.b5 Nc6b8
11.Bc1b2 c6
12.Nc3e4 Qd8c7
13.Bb2a3 c5
14.Ba3c1 Re8f8
15.Nf3e1 Bd7e8
16.Ne4xd6 Nb8d7
17.Nd6xe8 Rf8xe8
18.Bc1d2 Ra8b8
19.Ne1c2 Nd7f6
20.Nc2e3 b6
21.Qd1c2 Qc7d7
22.Bd2c3 Ne7f5
23.Ne3xf5 Qd7xf5
24.e4 Qf5d7
25.f4 exf4
26.Rf1xf4 Nf6h5
27.Rf4f2 Rb8d8
28.Bc3xg7 Nh5xg7
29.Rb1d1 Ng7e6
30.Bg2h3 Qd7d6
31.Bh3xe6 Re8xe6
32.Rf2d2 Re6e5
33.Qc2c3 f6
34.d4 Re5xe4
35.d5 Rd8e8
36.Rd2f2 Kg7
37.Rd1f1 Re8f8
38.a4 h5
39.Kg2 h4
40.Rf2f4 Re4xf4
41.gxf4 Rf8e8
42.Kf3 Qd6d7
43.Kf2 Qd7g4
44.Qc3f3 Qg4f5
45.Rf1e1 Qf5c2
46.Re1e2 Re8xe2
47.Qf3xe2 Qc2f5
48.Qe2e7 Kh6
49.Qe7e3 g5
50.Kg1 Kg6
51.Qe3e8 Kg7
52.Qe8e7 Kh6
53.Qe7f8 Kh5
54.Qf8f7 Kh6
55.Qf7f8 Kh7
56.Qf8f7 Kh6
57.Qf7f8 1/2-1/2

[Event "Défi"]
[Site "www.echecsemail.com"]
[Date "2026.01.15"]
[Round "1"]
[White "Cocola34"]
[Black "Buzz84"]
[WhiteElo "1600"]
[BlackElo "1490"]
[Result "1-0"]
1.e4 d5
2.f3 c6
3.g4 Ng8f6
4.c3 e5
5.b4 Bf8e7
6.Ng1e2 Bc8e6
7.h3 Nf6d7
8.d3 Be7h4
9.Kd2 h6
10.Bf1g2 a5
11.a3 Nb8a6
12.Bc1b2 axb4
13.cxb4 d4
14.Kc2 c5
15.b5 Na6c7
16.a4 Nd7b6
17.Kc1 Bh4g5
18.Nb1d2 c4
19.dxc4 Nb6xc4
20.f4 Nc4e3
21.Qd1g1 Bg5xf4
22.Ne2xf4 exf4
23.Qg1f2 g5
24.Nd2f1 Rh8g8
25.Nf1xe3 dxe3
26.Qf2c2 b6
27.Rh1d1 Qd8e7
28.Bb2a3 Qe7f6
29.Qc2c6 Be6d7
30.Qc6xd7 1-0

[Event "Amical( 10J+24H/c 10J Max )"]
[Site "www.echecsemail.com"]
[Date "2026.01.15"]
[Round "1"]
[White "Woluwe1975"]
[Black "Patau"]
[WhiteElo "1640"]
[BlackElo "1720"]
[Result "1/2-1/2"]
1.e4 e5
2.Ng1f3 c6
3.Nf3xe5 Qd8e7
4.Ne5f3 Qe7xe4
5.Qd1e2 d5
6.Nb1c3 Qe4xe2
7.Bf1xe2 Bc8f5
8.d3 Bf8b4
9.Bc1d2 Ng8f6
10.a3 Bb4a5
11.Nf3d4 Bf5g4
12.O-O O-O
13.f3 Bg4h5
14.b4 Ba5b6
15.Bd2e3 Nb8d7
16.Nc3a4 Bb6c7
17.Na4c5 Rf8e8
18.Be3f2 Nd7xc5
19.bxc5 Bc7e5
20.c3 Be5xd4
21.Bf2xd4 Re8xe2
22.Rf1f2 Ra8e8
23.g4 Re2e1
24.Rf2f1 Re1xa1
25.Rf1xa1 Bh5g6
26.Kf2 Bg6xd3
27.Ra1e1 Re8xe1
28.Kxe1 h5
29.g5 Nf6d7
30.h4 b6
31.cxb6 axb6
32.f4 c5
33.Bd4e3 f5
34.Kd2 Bd3e4
35.Kc1 Kf7
36.Kb2 b5
37.Kb3 Ke6
38.Be3f2 Kd6
39.a4 bxa4
40.Kxa4 c4
41.Kb5 g6
42.Bf2d4 Nd7b8
43.Bd4e5 Kd7
44.Be5xb8 Kc8
45.Bb8e5 Kd7
46.Kc5 Ke7
47.Kb5 { nul }1/2-1/2

[Event "Tournoi n27359"]
[Site "www.echecsemail.com"]
[Date "2026.01.15"]
[Round "1"]
[White "Legrillon"]
[Black "Zadkine1"]
[WhiteElo "1720"]
[BlackElo "1780"]
[Result "1-0"]
1.e4 e5
2.Ng1f3 Nb8c6
3.a3 Ng8f6
4.d3 Bf8c5
5.h3 O-O
6.Bc1g5 Bc5e7
7.b4 b5
8.c4 a6
9.c5 d6
10.cxd6 Be7xd6
11.Bf1e2 Bd6e7
12.O-O Bc8e6
13.Nb1c3 Nf6h5
14.Bg5xe7 Qd8xe7
15.Nf3xe5 Nc6xe5
16.Be2xh5 Ra8d8
17.Bh5e2 Qe7g5
18.f4 Qg5h6
19.fxe5 Qh6g6
20.Ra1c1 Be6xh3
21.Be2f3 Rd8d7
22.Kh2 Qg6h6
23.gxh3 Qh6f4
24.Kh1 Qf4xe5
25.Bf3g4 Rd7d6
26.Rf1f5 Qe5d4
27.Nc3d5 Rf8e8
28.Rc1xc7 Rd6h6
29.Rf5xf7 Qd4e5
30.Rf7xg7 Kh8
31.Rc7e7 Qe5b8
32.Qd1a1 Rh6g6
33.Rg7xg6 Qb8e5
34.Qa1xe5 1-0

[Event "Défi"]
[Site "www.echecsemail.com"]
[Date "2026.01.15"]
[Round "1"]
[White "Calcedoine"]
[Black "Arno"]
[WhiteElo "1830"]
[BlackElo "1800"]
[Result "1-0"]
1.c3 e5
2.e4 Bf8c5
3.d4 exd4
4.cxd4 Bc5b4
5.Bc1d2 Qd8e7
6.Bf1d3 Nb8c6
7.Ng1f3 Bb4xd2
8.Nb1xd2 Ng8f6
9.h3 O-O
10.a3 h6
11.e5 Nf6d5
12.Qd1e2 Nd5f4
13.Qe2e4 Nf4g6
14.O-O f5
15.Bd3c4 Kh8
16.Qe4e3 d6
17.e6 Rf8e8
18.d5 Nc6e5
19.Bc4d3 Ne5xf3
20.Qe3xf3 Ng6e5
21.Qf3xf5 Ne5xd3
22.Qf5xd3 c6
23.Rf1e1 cxd5
24.Qd3xd5 Bc8xe6
25.Qd5d4 Qe7g5
26.Nd2f3 Qg5c5
27.Ra1d1 Qc5xd4
28.Nf3xd4 Be6f7
29.Nd4f5 Re8xe1
30.Rd1xe1 d5
31.Re1e7 Kg8
32.Re7xb7 d4
33.Nf5xd4 Ra8d8
34.Nd4f3 Bf7d5
35.Rb7xa7 Bd5xf3
36.gxf3 Rd8d3
37.Kg2 Rd3b3
38.a4 Rb3xb2
39.a5 Rb2a2
40.a6 Kh7
41.Kg3 h5
42.h4 Ra2a3
43.Kg2 Kh6
44.Kg3 g6
45.Ra7a8 Kg7
46.Kf4 Ra3a4
47.Kg5 Ra4a5
48.Kf4 Ra5a4
49.Ke5 Ra4a5
50.Ke6 Ra5a3
51.Ra8a7 Kg8
52.f4 Ra3a4
53.f5 gxf5
54.Kf6 { abandon }1-0

[Event "Défi( 5J+12H/c 5J Max )"]
[Site "www.echecsemail.com"]
[Date "2026.01.15"]
[Round "1"]
[White "Djayphil"]
[Black "Woluwe1975"]
[WhiteElo "1970"]
[BlackElo "1640"]
[Result "1-0"]
1.e4 e5
2.Ng1f3 Nb8c6
3.d4 exd4
4.Bf1c4 h6
5.O-O d6
6.Bc4b5 Bc8d7
7.Bb5xc6 Bd7xc6
8.Qd1xd4 Ng8f6
9.Nb1d2 Bf8e7
10.e5 dxe5
11.Qd4xd8 Ra8xd8
12.Nf3xe5 Bc6d7
13.Nd2f3 Bd7e6
14.Bc1e3 c5
15.Rf1d1 O-O
16.b3 b6
17.Rd1xd8 Be7xd8
18.Ne5c6 Bd8c7
19.Nc6xa7 Rf8d8
20.Na7b5 Bc7b8
21.Nb5c3 Nf6g4
22.Ra1d1 Rd8xd1
23.Nc3xd1 Ng4xe3
24.Nd1xe3 b5
25.Nf3d2 Bb8d6
26.g3 b4
27.f4 f5
28.Nd2c4 Bd6e7
29.a4 bxa3
30.Nc4xa3 Be7d8
31.Na3c4 g6
32.Nc4e5 Kg7
33.c4 Bd8a5
34.Kf2 Ba5c3
35.Ne5d3 Bc3d4
36.Ke2 g5
37.Ne3c2 Bd4g1
38.h3 Kf7
39.Nc2e3 Ke7
40.Nd3xc5 Be6c8
41.Nc5d3 Kd6
42.Kd2 Bg1h2
43.Ne3f1 Bh2g1
44.fxg5 hxg5
45.h4 g4
46.h5 Bg1d4
47.h6 Ke7
48.h7 Kf7
49.Nf1e3 Kg7
50.Nd3f4 Kxh7
51.Kd3 Bd4e5
52.Ne3d5 Kh6
53.b4 Kg5
54.b5 Bc8b7
55.Ke3 Kh6
56.Nd5e7 Bb7e4
57.c5 Kg5
58.b6 Kf6
59.Ne7d5 Kg5
60.c6 Kh6
61.c7 Be5xc7
62.bxc7 { abandon }1-0

[Event "Défi"]
[Site "www.echecsemail.com"]
[Date "2026.01.15"]
[Round "1"]
[White "Den"]
[Black "Arno"]
[WhiteElo "1900"]
[BlackElo "1770"]
[Result "1-0"]
1.f4 Nb8c6
2.d4 d5
3.Ng1f3 Bc8g4
4.e3 Ng8f6
5.Bf1d3 e6
6.O-O Bf8e7
7.c3 O-O
8.Nb1d2 a6
9.Qd1e1 Nc6a7
10.Nf3e5 Ra8c8
11.h3 Bg4f5
12.e4 dxe4
13.Nd2xe4 Bf5xe4
14.Bd3xe4 Nf6xe4
15.Qe1xe4 c6
16.Bc1e3 Qd8d5
17.Qe4d3 c5
18.Rf1f2 Rf8d8
19.f5 cxd4
20.Be3xd4 Be7c5
21.Qd3e2 Bc5xd4
22.cxd4 Qd5xd4
23.fxe6 fxe6
24.Ne5f3 Qd4b6
25.Kh1 Rd8f8
26.Ra1f1 Na7b5
27.Qe2e4 Rc8e8
28.Nf3g5 Rf8xf2
29.Qe4xh7 { abandon }1-0

[Event "Défi"]
[Site "www.echecsemail.com"]
[Date "2026.01.15"]
[Round "1"]
[White "Gediato30"]
[Black "Den"]
[WhiteElo "2140"]
[BlackElo "1890"]
[Result "1-0"]
1.c4 e6
2.Nb1c3 d5
3.cxd5 exd5
4.d4 c6
5.Ng1f3 Ng8f6
6.g3 Bf8e7
7.Bf1g2 O-O
8.O-O Bc8f5
9.Nf3h4 Bf5e6
10.Nh4f3 Qd8c8
11.Nf3g5 Be6d7
12.Ng5f3 Bd7h3
13.Bc1f4 Bh3xg2
14.Kxg2 Nb8d7
15.Ra1c1 Nf6h5
16.Bf4e3 f5
17.Nc3xd5 Qc8d8
18.Nd5xe7 Qd8xe7
19.Qd1b3 Qe7f7
20.Qb3xb7 f4
21.Be3d2 Qf7d5
22.Qb7xc6 Qd5f7
23.b3 a5
24.Qc6c4 Nd7b6
25.Qc4xf7 Rf8xf7
26.Rc1c5 g6
27.Rc5xa5 Ra8c8
28.Ra5c5 Rc8b8
29.Nf3e5 Rf7f8
30.a4 Nh5g7
31.a5 Ng7e6
32.Rc5c6 Ne6xd4
33.Rc6xb6 Rb8xb6
34.axb6 Nd4xe2
35.Ne5d7 f3
36.Kh3 Ne2d4
37.Nd7xf8 { abandon }1-0

[Event "Défi( 10J+24H/c 10J Max )"]
[Site "www.echecsemail.com"]
[Date "2026.01.15"]
[Round "1"]
[White "Linselleschti"]
[Black "Coyotov"]
[WhiteElo "1590"]
[BlackElo "1699"]
[Result "1/2-1/2"]
1.e4 e5
2.Ng1f3 Nb8c6
3.Bf1b5 a6
4.Bb5xc6 dxc6
5.Nf3xe5 Qd8d4
6.Ne5f3 Qd4xe4
7.Qd1e2 Qe4xe2
8.Kxe2 Bc8g4
9.d4 O-O-O
10.Bc1e3 Bf8d6
11.Nb1c3 f5
12.h3 Bg4xf3
13.Kxf3 Ng8e7
14.Rh1e1 Rd8e8
15.Be3g5 Ne7g6
16.Re1e3 f4
17.Re3e4 h6
18.Bg5xf4 Rh8f8
19.Re4xe8 Rf8xe8
20.Bf4xd6 cxd6
21.Nc3e4 Kc7
22.Ra1d1 Ng6h4
23.Ke3 { nul }1/2-1/2

[Event "Tournoi n27318"]
[Site "www.echecsemail.com"]
[Date "2026.01.15"]
[Round "1"]
[White "Titi050"]
[Black "Willkommen54"]
[WhiteElo "1790"]
[BlackElo "2020"]
[Result "0-1"]
1.c4 Ng8f6
2.d4 e6
3.Nb1c3 d5
4.e3 Bf8e7
5.Ng1f3 O-O
6.Bf1d3 Nb8d7
7.O-O c5
8.cxd5 exd5
9.dxc5 Nd7xc5
10.Nf3d4 Nc5xd3
11.Qd1xd3 a6
12.Rf1e1 Qd8d6
13.Nd4f5 Bc8xf5
14.Qd3xf5 Ra8d8
15.Bc1d2 b5
16.Ra1c1 Rf8e8
17.Nc3e2 g6
18.Qf5f3 Nf6e4
19.Bd2a5 Rd8c8
20.Ne2d4 Be7f6
21.Qf3d1 Bf6e5
22.g3 Qd6f6
23.Re1f1 Rc8xc1
24.Qd1xc1 Be5xd4
25.exd4 Qf6e6
26.Rf1e1 Qe6f6
27.Qc1c2 Re8a8
28.Re1xe4 dxe4
29.Qc2xe4 Ra8c8
30.Ba5c3 Qf6e6
31.Qe4xe6 fxe6
32.Kg2 Rc8c4
33.Kf3 b4
34.Bc3e1 Rc4xd4
35.Ke3 Rd4c4
36.Kd3 Rc4c1
37.Be1xb4 Rc1f1
38.Bb4c5 Kf7
39.Ke4 Rf1e1
40.Bc5e3 Re1e2
41.Kd3 Re2xb2
42.a3 Rb2b3
43.Kc2 Rb3xa3
44.Kb2 Ra3a5
45.Kb3 Ra5d5
46.Ka4 Kf6
{ abandon }0-1

[Event "TRISTAN DA CUNHA"]
[Site "www.echecsemail.com"]
[Date "2026.01.15"]
[Round "1"]
[White "Petitlulu64"]
[Black "Rachess"]
[WhiteElo "1750"]
[BlackElo "1550"]
[Result "0-1"]
1.e4 e5
2.Ng1f3 Nb8c6
3.Nb1c3 Ng8f6
4.Bf1c4 Nf6xe4
5.Nc3xe4 d5
6.Bc4b5 dxe4
7.Nf3xe5 Qd8d5
8.Bb5xc6 bxc6
9.Ne5g4 Bf8c5
10.O-O Bc8a6
11.Rf1e1 f5
12.Ng4e3 Qd5f7
13.a3 O-O
14.b4 Bc5b6
15.c4 c5
16.Ne3d5 Ba6xc4
17.Nd5xb6 cxb6
18.Bc1b2 Bc4d3
19.bxc5 bxc5
20.Re1e3 Rf8d8
21.f3 Ra8b8
22.Bb2c3 a6
23.h3 c4
24.Qd1a4 Qf7a7
25.f4 g5
26.fxg5 f4
27.Bc3e5 fxe3
28.dxe3 Qa7xe3
29.Kh2 Qe3xg5
30.Be5xb8 Rd8xb8
31.Qa4xa6 Rb8b2
32.Qa6e6 Kg7
33.Qe6d7 Kh6
34.Qd7e6 Kh5
35.Qe6f7 Kh6
36.Qf7f6 Qg5xf6
{ abandon }0-1

[Event "Défi( 10J+24H/c 10J Max )"]
[Site "www.echecsemail.com"]
[Date "2026.01.15"]
[Round "1"]
[White "Alain34"]
[Black "Lancov"]
[WhiteElo "2110"]
[BlackElo "1910"]
[Result "1-0"]
1.e4 d6
2.d4 Ng8f6
3.Nb1c3 g6
4.Bc1g5 Bf8g7
5.Qd1d2 c6
6.f4 b5
7.Bf1d3 Nb8a6
8.e5 dxe5
9.fxe5 Nf6d5
10.Nc3e4 Bc8f5
11.Ne4d6 Kf8
12.Nd6xf5 gxf5
13.Bd3xf5 h6
14.Bg5h4 h5
15.Ng1f3 Na6b4
16.c3 Nb4a6
17.O-O Qd8c7
18.Nf3g5 Bg7h6
19.Qd2f2 Qc7b7
20.Bf5c8 { abandon }1-0

[Event "Tournoi n27338"]
[Site "www.echecsemail.com"]
[Date "2026.01.15"]
[Round "1"]
[White "Pioupiou22"]
[Black "Zadkine1"]
[WhiteElo "1750"]
[BlackElo "1760"]
[Result "0-1"]
1.e4 e5
2.Ng1f3 Nb8c6
3.Bf1b5 Qd8f6
4.O-O Ng8e7
5.Nb1c3 a6
6.Bb5a4 b5
7.Ba4b3 d6
8.d3 h6
9.Bb3d5 Qf6g6
10.Nf3h4 Qg6g4
11.Qd1xg4 Bc8xg4
12.h3 Bg4d7
13.b4 Ra8c8
14.Bc1e3 Nc6xb4
15.Rf1c1 c6
16.a3 cxd5
17.axb4 d4
18.Ra1xa6 dxc3
19.Nh4f3 Ne7g6
20.Ra6a7 Bf8e7
21.Rc1a1 Bd7c6
22.Ra1a6 O-O
23.Ra6b6 d5
24.exd5 Bc6xd5
25.Rb6xb5 Bd5xf3
26.gxf3 Rc8b8
27.Ra7b7 Rb8xb7
28.Rb5xb7 Rf8a8
29.Be3c5 Ra8a1
30.Kh2 Be7g5
31.Bc5e3 Bg5xe3
32.fxe3 Ra1a2
33.Rb7c7 Ra2xc2
34.Kg3 h5
35.b5 Rc2c1
36.b6 c2
37.b7 Rc1b1
38.Rc7c8 Kh7
39.Rc8c7 f5
40.Kf2 Rb1b2
41.Rc7xc2 Rb2xb7
42.Rc2c5 Rb7f7
43.Ke2 h4
44.Rc5c4 Kh6
45.Rc4c6 Kg5
46.Rc6c4 Ng6e7
47.f4 exf4
48.Rc4xf4 Kf6
49.Rf4xh4 g5
50.Rh4d4 Ne7g6
51.Rd4d6 Kg7
52.d4 Rf7e7
53.Kf3 f4
54.e4 Kh6
55.e5 Kh5
56.e6 Ng6h4
57.Kf2 Nh4f5
58.Rd6d7 Re7xe6
59.d5 Re6e3
60.Rd7f7 Nf5d6
61.Rf7f8 Nd6e4
62.Kg2 Ne4d2
63.d6 Re3e2
64.Kh1 Nd2f3
65.Rf8h8 Kg6
66.Rh8g8 Kf7
67.d7 Re2h2
0-1

[Event "Marmotte chess  3"]
[Site "www.echecsemail.com"]
[Date "2026.01.15"]
[Round "1"]
[White "Nuageblanc"]
[Black "4x4"]
[WhiteElo "1580"]
[BlackElo "1500"]
[Result "1-0"]
1.e4 e5
2.Ng1f3 d6
3.Bf1c4 Bc8e6
4.Nb1a3 d5
5.exd5 e4
6.dxe6 exf3
7.exf7 Ke7
8.fxg8Q Rh8xg8
9.Bc4xg8 Ke8
10.Qd1xf3 Qd8e7
11.Qf3e2 Qe7xe2
12.Kxe2 Nb8c6
13.c3 Bf8xa3
14.bxa3 Kd7
15.Bg8xh7 Ra8e8
16.Kd1 Nc6e5
17.Rh1e1 Kd6
18.d4 Re8h8
19.dxe5 Ke6
20.Bh7d3 Rh8xh2
21.Bd3e4 c6
22.Bc1f4 Rh2h4
23.Bf4g3 Rh4h8
24.Kc2 Rh8c8
25.Ra1b1 Rc8h8
26.Rb1xb7 g5
27.Re1d1 a5
28.Rd1d6 1-0

[Event "Coupe Niveau 2"]
[Site "www.echecsemail.com"]
[Date "2026.01.15"]
[Round "1"]
[White "Patau"]
[Black "Panchoa"]
[WhiteElo "1700"]
[BlackElo "1610"]
[Result "0-1"]
1.e4 e5
2.Ng1f3 Nb8c6
3.c3 Bf8c5
4.d4 exd4
5.cxd4 Bc5b4
6.Bc1d2 d5
7.Bf1d3 Bc8g4
8.h3 Bg4xf3
9.gxf3 Ng8f6
10.Nb1c3 Nc6xd4
11.Nc3xd5 Bb4xd2
12.Kxd2 Nf6xd5
13.exd5 Qd8xd5
14.Qd1a4 c6
15.Ra1e1 Nd4e6
16.Qa4e4 Ra8d8
17.Qe4xd5 Rd8xd5
18.Rh1g1 O-O
19.Kc2 Ne6d4
20.Kc3 Nd4xf3
21.Bd3e4 Rd5c5
22.Kb4 Rc5b5
23.Kc3 Nf3xe1
{ abandon }0-1

[Event "Tournoi échelle champions"]
[Site "www.echecsemail.com"]
[Date "2026.01.15"]
[Round "1"]
[White "Alain64"]
[Black "Luc20"]
[WhiteElo "2070"]
[BlackElo "1810"]
[Result "1-0"]
1.f4 Ng8f6
2.Ng1f3 d6
3.e3 Nb8d7
4.b3 b6
5.Bc1b2 g6
6.d4 Bf8g7
7.Bf1d3 O-O
8.O-O Bc8b7
9.c4 c6
10.Nb1c3 d5
11.Nf3e5 Qd8c7
12.Ra1c1 Qc7d6
13.Qd1e2 c5
14.cxd5 Nf6xd5
15.Nc3b5 Qd6e6
16.e4 Nd7xe5
17.exd5 Qe6xd5
18.fxe5 Rf8c8
19.Bd3c4 Qd5e4
20.Qe2xe4 Bb7xe4
21.Bc4xf7 Kh8
22.d5 Be4d3
23.a4 Bd3xf1
24.Kxf1 Rc8f8
25.e6 Bg7xb2
26.Rc1d1 a6
27.Rd1b1 Bb2e5
28.Nb5a3 Ra8d8
29.Rb1d1 Be5xh2
30.Ke2 Kg7
31.Kf3 h5
32.g3 h4
33.gxh4 Rf8h8
34.Kg4 Rh8h5
35.Na3c4 b5
36.axb5 axb5
37.Nc4b6 Bh2c7
38.Nb6d7 Bc7d6
39.Kh3 Rd8a8
40.Rd1g1 Ra8a3
41.Rg1xg6 Kh8
42.Rg6g8 Kh7
43.Nd7f8 Kh6
44.Rg8g6 1-0

[Event "CARPE DIEM"]
[Site "www.echecsemail.com"]
[Date "2026.01.15"]
[Round "1"]
[White "Marmotte"]
[Black "Mindthegap"]
[WhiteElo "1560"]
[BlackElo "1420"]
[Result "1-0"]
1.e4 c5
2.Ng1f3 d6
3.d4 cxd4
4.Nf3xd4 Ng8f6
5.Nb1c3 a6
6.Bf1d3 e5
7.Nd4f3 Nb8c6
8.Bc1e3 Bc8g4
9.h3 Bg4xf3
10.Qd1xf3 Qd8d7
11.a3 O-O-O
12.b4 h6
13.b5 Nc6d4
14.Be3xd4 exd4
15.Nc3a4 Bf8e7
16.Na4b6 { abandon }1-0

[Event "Tournoi échelle division 1"]
[Site "www.echecsemail.com"]
[Date "2026.01.15"]
[Round "1"]
[White "Domenico"]
[Black "Pgo"]
[WhiteElo "1710"]
[BlackElo "1740"]
[Result "1-0"]
1.e4 e5
2.Bf1c4 Bf8c5
3.Ng1f3 d6
4.O-O Ng8f6
5.d3 O-O
6.Bc1e3 Nb8d7
7.c3 a6
8.d4 exd4
9.cxd4 Bc5a7
10.e5 dxe5
11.dxe5 Nf6g4
12.Be3xa7 Ra8xa7
13.e6 Nd7e5
14.exf7 Ne5xf7
15.Bc4xf7 Kxf7
16.Qd1a4 Ng4f6
17.Qa4c4 Bc8e6
18.Nf3g5 Kg8
19.Ng5xe6 Qd8d5
20.Qc4xd5 Nf6xd5
21.Ne6xf8 Kxf8
22.Rf1c1 c6
23.Nb1c3 Nd5f4
24.Rc1d1 Ra7a8
25.Rd1d7 Ra8b8
26.Ra1e1 Nf4g6
27.Nc3e4 Ng6e5
28.Rd7c7 Ne5d3
29.Re1e2 Nd3c1
30.Re2d2 Nc1xa2
31.Rd2d7 Na2b4
32.Rd7f7 Ke8
33.Ne4d6 Kd8
34.Rf7d7 1-0

[Event "Défi"]
[Site "www.echecsemail.com"]
[Date "2026.01.15"]
[Round "1"]
[White "Mokanne"]
[Black "Castor"]
[WhiteElo "1440"]
[BlackElo "1360"]
[Result "1-0"]
1.e4 c6
2.d4 d6
3.Bf1e2 d5
4.e5 Bc8f5
5.Bc1d2 h6
6.Bd2c3 e6
7.Ng1f3 f6
8.Be2d3 Ng8e7
9.Bd3xf5 exf5
10.O-O Ne7g6
11.Qd1e2 Bf8e7
12.exf6 gxf6
13.Rf1e1 O-O
14.Qe2d3 Qd8d7
15.Bc3d2 Nb8a6
16.Bd2xh6 Rf8e8
17.Bh6d2 Kf7
18.a3 Re8h8
19.Bd2e3 Ra8c8
20.Qd3d1 Be7d6
21.g3 Qd7c7
22.c3 Qc7b6
23.Re1e2 Rh8g8
24.Kh1 Qb6xb2
25.Re2xb2 b6
26.Qd1d3 Na6c7
27.Qd3xf5 Nc7e6
28.Nf3g5 Kg7
29.Ng5xe6 Kf7
30.Be3g5 Bd6e7
31.Rb2e2 Rc8b8
32.h4 Ke8
33.Bg5xf6 Be7f8
34.Ne6c7 { abandon }1-0

[Event "Coupe Niveau 3"]
[Site "www.echecsemail.com"]
[Date "2026.01.15"]
[Round "1"]
[White "Elghribi"]
[Black "Patau"]
[WhiteElo "1910"]
[BlackElo "1700"]
[Result "1-0"]
1.e4 e5
2.Ng1f3 c6
3.c3 Ng8f6
4.d3 d5
5.exd5 e4
6.dxe4 Nf6xe4
7.Bf1d3 cxd5
8.Bd3xe4 dxe4
9.Qd1xd8 Kxd8
10.Nf3g5 Bc8e6
11.Ng5xe4 Nb8c6
12.O-O Kc7
13.Bc1f4 Kb6
14.Nb1d2 Bf8e7
15.Ne4d6 Be7xd6
16.Bf4xd6 Ra8d8
17.Bd6f4 Rd8d7
18.Nd2e4 Rh8d8
19.Bf4e3 Kc7
20.Ne4c5 Be6c4
21.Be3f4 Kc8
22.Nc5xd7 Rd8xd7
23.Rf1d1 Rd7xd1
24.Ra1xd1 Bc4xa2
25.b4 Ba2c4
26.f3 Nc6e7
27.Kf2 Ne7d5
28.Bf4e5 f6
29.Be5d4 Nd5f4
30.Bd4xa7 Nf4d3
31.Ke3 Nd3e5
32.h3 Kc7
33.f4 Ne5c6
34.Ba7c5 b6
35.Bc5f8 g6
36.Bf8g7 f5
37.Bg7e5 Nc6xe5
38.fxe5 g5
39.g4 fxg4
40.hxg4 Bc4e6
41.Kf3 b5
42.Rd1d6 Be6c4
43.Ke4 Bc4e2
44.Kf5 h6
45.Rd6xh6 { abandon }1-0

[Event "Tournoi n27129"]
[Site "www.echecsemail.com"]
[Date "2026.01.15"]
[Round "1"]
[White "Wenoketo"]
[Black "Colyoun"]
[WhiteElo "1610"]
[BlackElo "1660"]
[Result "1/2-1/2"]
1.d4 c6
2.Ng1f3 d5
3.Bc1f4 Bc8f5
4.Nb1d2 e6
5.e3 Ng8f6
6.h3 Bf8d6
7.Bf4xd6 Qd8xd6
8.c4 dxc4
9.Nd2xc4 Qd6b4
10.Qd1d2 Qb4xd2
11.Nf3xd2 Ke7
12.b3 Rh8d8
13.Bf1e2 Kf8
14.Nd2f3 h6
15.O-O Nb8d7
16.Ra1d1 Nf6d5
17.Rd1c1 Nd7b6
18.Nc4e5 Nb6d7
19.Ne5xd7 Rd8xd7
20.Nf3e5 Rd7d8
21.g4 Bf5h7
22.Be2f3 f6
23.Bf3xd5 exd5
24.Ne5f3 Kf7
25.Nf3d2 Rd8d7
26.Nd2b1 Ra8c8
27.b4 a6
28.Nb1c3 b5
29.f4 Bh7d3
30.Rf1f2 Ke7
31.a3 Rd7c7
32.Rc1d1 Bd3c4
33.e4 g5
34.exd5 cxd5
35.Rd1e1 Kd6
36.fxg5 Rc7e7
37.Re1xe7 Kxe7
38.gxf6 Kf7
39.h4 Rc8g8
40.Rf2f4 Rg8g6
41.h5 Rg6xf6
42.Rf4xf6 Kxf6
43.Kf2 Kg5
44.Kg3 Bc4b3
{ nul }1/2-1/2

[Event "Défi( 10J+24H/c 10J Max )"]
[Site "www.echecsemail.com"]
[Date "2026.01.15"]
[Round "1"]
[White "Tunnellavage"]
[Black "Mokanne"]
[WhiteElo "1740"]
[BlackElo "1430"]
[Result "1-0"]
1.e4 a6
2.a4 d6
3.Nb1c3 e5
4.Ng1f3 c6
5.Bf1c4 b6
6.h3 Bf8e7
7.d3 Nb8d7
8.Bc1e3 c5
9.Nc3d5 Ng8f6
10.c3 Bc8b7
11.O-O Bb7c6
12.Qd1b3 Qd8b8
13.Nd5xe7 Kxe7
14.Bc4xf7 Rh8f8
15.Qb3e6 Kd8
16.Be3g5 h6
17.Bg5xf6 Nd7xf6
18.Qe6b3 Qb8c7
19.Bf7c4 Bc6b7
20.Nf3h4 a5
21.Nh4f5 d5
22.exd5 Qc7d7
23.Nf5e3 Qd7c7
24.g4 Qc7d6
25.Ne3f5 Qd6d7
26.d6 Qd7c6
27.f3 e4
28.dxe4 Qc6d7
29.e5 Qd7c6
30.exf6 Rf8xf6
31.Bc4b5 Qc6c8
32.Qb3g8 { abandon }1-0

[Event "Défi( 10J+24H/c 10J Max )"]
[Site "www.echecsemail.com"]
[Date "2026.01.15"]
[Round "1"]
[White "Tunnellavage"]
[Black "Chobi"]
[WhiteElo "1800"]
[BlackElo "1750"]
[Result "0-1"]
1.e4 e5
2.Ng1f3 d6
3.h3 Bc8d7
4.Bf1c4 Bf8e7
5.Nb1c3 Ng8f6
6.d3 h6
7.O-O O-O
8.a3 Qd8c8
9.Kh2 Bd7e6
10.Qd1e1 Be6xc4
11.dxc4 Nb8c6
12.Nc3d1 Nf6h7
13.c3 Nc6a5
14.b3 Na5xb3
15.Ra1b1 Nb3xc1
16.Rb1xc1 Nh7g5
{ abandon }0-1

[Event "Tournoi n27323"]
[Site "www.echecsemail.com"]
[Date "2026.01.16"]
[Round "1"]
[White "Ponaparte"]
[Black "Alain64"]
[WhiteElo "2170"]
[BlackElo "2140"]
[Result "0-1"]
1.e4 c5
2.Ng1f3 Nb8c6
3.Bf1b5 d6
4.d4 cxd4
5.Qd1xd4 Bc8d7
6.Bb5xc6 bxc6
7.O-O Ng8f6
8.c4 e5
9.Qd4d3 Bf8e7
10.Nb1c3 O-O
11.b3 Qd8c7
12.Bc1g5 h6
13.Bg5xf6 Be7xf6
14.Ra1d1 Bf6e7
15.Nf3xe5 Bd7e6
16.Ne5f3 Ra8d8
17.h3 f5
18.Nf3d4 fxe4
 { temps }0-1